Tous les Pokémon de type Fée - Statistiques

Statistiques générales
  • Ce quiz a été pris 16 fois
  • Le résultat moyen est 43 sur 68
Statistiques - réponses
Hint Réponse % Correct
Fée/Psy Gardevoir
87%
Fée/Normal Grodoudou
87%
Fée Mélo
87%
Fée Mélodelfe
87%
Fée/Normal Rondoudou
87%
Fée Xerneas
87%
Fée/Ténèbres Angoliath
80%
Fée/Eau Azumarill
80%
Fée/Roche Diancie
80%
Fée Florges
80%
Fée/Ténèbres Grimalin
80%
Fée/Eau Marill
80%
Fée Mélofée
80%
Fée/Normal Azurill
73%
Fée Flabébé
73%
Fée Floette
73%
Fée/Acier Forgelina
73%
Fée/Acier Mysdibule
73%
Fée Nymphali
73%
Fée/Roche Strassie
73%
Fée/Psy Tarsal
73%
Fée/Eau Tokopisco
73%
Fée/Plante Tokotoro
73%
Fée/Glace* Feunard d'Alola
67%
Fée Fluvetin
67%
Fée/Ténèbres Fourbelin
67%
Fée/Combat Garde-De-Fer
67%
Fée/Psy Kirlia
67%
Fée Sucroquin
67%
Fée/Electrik Tokorico
67%
Fée/Insecte Bombydou
60%
Fée Cocotine
60%
Fée/Acier Forgella
60%
Fée Granbull
60%
Fée/Psy Mime.Jr
60%
Fée/Spectre Mimiqui
60%
Fée/Psy M.Mime
60%
Fée/Insecte Rubombelle
60%
Fée/Poison* Smogogo de Galar
60%
Fée Snubbull
60%
Fée/Psy Sorcilence
60%
Fée/Normal Toudoudou
60%
Fée/Acier Trousselin
60%
Fée Zacian
60%
Fée/Acier Zacian
60%
Fée Cupcanaille
53%
Fée/Electrik Dedenne
53%
Fée/Plante Doudouvet
53%
Fée/Plante Farfaduvet
53%
Fée/Acier Forgerette
53%
Fée Guérilande
53%
Fée/Acier Magearna
53%
Fée/Plante Spododo
53%
Fée/Vol Togekiss
53%
Fée Togepi
53%
Fée/Vol Togetic
53%
Fée/Psy Tokopiyon
53%
Fée/Vol Amovénus
47%
Fée/Spectre Flotte-Mèche
47%
Fée/Plante Lampignon
47%
Fée/Eau Oratoria
47%
Fée Briochien
40%
Fée Crémy
40%
Fée/Poison Favianos
40%
Fée/Psy* Galopa de Galar
40%
Fée/Psy Hurle-Queue
40%
Fée Pâtachiot
40%
Fée Charmilly
33%
Aucun quiz correspondant
Distribution des résultats
% des personnes avec chaque résultat
Percentile par nombre de réponses
Votre historique - résultats
Vous n’avez pas pris ce quiz